|
|
|
|
| LEADER |
01542nam a2200301 a 4500 |
| 001 |
GR-Patra31063 |
| 008 |
081015s2008 ne g b 001 b eng d |
| 020 |
|
|
|a 9780123725387
|
| 082 |
|
0 |
|a 006.37
|2 22
|
| 100 |
1 |
|
|a Nixon, Mark S.
|
| 245 |
1 |
0 |
|a Feature extraction and image processing /
|c Mark S. Nixon, Alberto S. Aguado.
|
| 250 |
|
|
|a 2nd ed.
|
| 260 |
|
|
|a Amsterdam :
|b Academic,
|c c2008
|
| 300 |
|
|
|a xv, 406 σ. :
|b εικ.
|
| 500 |
|
|
|a Το αντίτυπο με αρ.εισαγωγής 50982 βρίσκεται στην Βιβλιοθήκη του Παραρτήματος Πύργου του Τμήματος Πληροφορικής και ΜΜΕ.
|
| 504 |
|
|
|a Περιλαμβάνει βιβλιογραφίες και ευρετήριο.
|
| 650 |
|
0 |
|a Computer vision
|
| 650 |
|
0 |
|a Computer vision
|x Mathematics
|
| 650 |
|
0 |
|a Image processing
|x Digital techniques
|
| 650 |
|
0 |
|a Pattern recognition systems
|
| 650 |
|
4 |
|a Επεξεργασία εικόνας
|x Ψηφιακές τεχνικές
|
| 700 |
1 |
|
|a Aguado, Alberto S.
|
| 710 |
0 |
|
|a Elsevier
|
| 942 |
|
|
|2 ddc
|
| 952 |
|
|
|0 0
|1 0
|2 ddc
|4 0
|6 006_370000000000000_NIX
|7 0
|9 313615
|a LISK
|b LISK
|c BSC
|d 2021-01-17
|e 24
|f 0
|g 0.00
|l 0
|o 006.37 NIX
|p 92410050982
|r 2021-01-17 00:00:00
|t 1
|w 2021-01-17
|y BK15
|x 20120516 0 1
|x GrPaTEI
|
| 952 |
|
|
|0 0
|1 0
|2 ddc
|4 0
|6 006_370000000000000_NIX
|7 1
|9 313616
|a LISK
|b LISK
|c BSC
|d 2021-01-17
|e 24
|f 0
|g 0.00
|l 0
|o 006.37 NIX
|p 92410050983
|r 2021-01-17 00:00:00
|t 1
|w 2021-01-17
|y BKN
|x 20120516 0 0
|x GrPaTEI
|
| 971 |
|
|
|a .b26786357
|b 15-04-20
|c 26-09-16
|
| 999 |
|
|
|c 179416
|d 179416
|